00600nam a22001937a 450000500170000001000150001702000260003203500140005803700130007208200180008510000190010324500520012226000410017427001120021530000220032750000190034970000220036870000160039020190924151401.0 aENG-126531 c875.00a9789353167035 aEN-110063 bDBAD/PUB a658.405227th aLewicki, Roy J aNegotiation /cBy David M Saunders...[et.,all] aChennaibMcGraw Hill Educationc2015 bChennaia444/1, Sri Ekambara Naicker Industrial Estate, Alapakkam Porure600116minfo.india@mheducation.com a654p.c24cm,(pbk) aIncludes index aSaunders, Dvid M aBarry Bruce